| 000 | 00751nam a2200229Ia 4500 | ||
|---|---|---|---|
| 003 | IN-BaIIA | ||
| 008 | 211028s9999 xx 000 0 eng d | ||
| 020 | _a3-540-09831-3 | ||
| 040 | _cIIA Library | ||
| 080 | _a048.1:52 | ||
| 100 |
_aBohme, S. _99376 |
||
| 245 | 0 |
_aAstronomy and Astrophysics _bvol. 25, pt. 1, literature 1979 _cS. Bohme., [et al.] |
|
| 260 |
_aBerlin _bSpringer-Verlag _c1979 |
||
| 300 | _ax, 871p. | ||
| 650 |
_aAbstracts-Astronomy and Astrophysics _96051 |
||
| 650 |
_aAstronomy and Astrophysics Abstracts _96052 |
||
| 650 | _aAstronomy and Astrophysics Thesaurus | ||
| 700 |
_aEsser, U. _99455 |
||
| 700 |
_aFricke, W. _99456 |
||
| 700 |
_aHeinrich, I. _99916 |
||
| 942 | _cBK | ||
| 999 |
_c6474 _d6474 |
||